| 000 | 00000nam##2200000za#4500 |
| 001 | 9.625668 |
| 003 | CaOODSP |
| 005 | 20200706134931 |
| 007 | ta |
| 008 | 150406|2001||||xxc||||| f|0| 0 fre|d |
| 020 | |a0-660-96554-2 |
| 022 | |a1200-5231 |
| 040 | |aCaOODSP|bfre |
| 043 | |an-cn--- |
| 086 | 1 |aCS11-0019/170F |
| 245 | 00|aPerspectives des bacheliers de la Colombie-Britannique sur le plan des revenus / |cpar Andrew Heisz. |
| 260 | |aOttawa - Ontario : |bStatistique Canada. |c2001. |
| 300 | |a56p. : |bgraphiques, tableaux ; |c28 cm. |
| 490 | 1 |aDocuments de recherche|x1200-5231|vN° 170 |
| 500 | |a«L'une des questions auxquelles les analystes et les critiques du système d'éducation postsecondaire au Canada sont confrontés est la suivante: Quels sont les rendements des études? Les élèves des écoles secondaires se demandent s'ils devraient s'inscrire à l'université, au collège ou dans une école de métiers et quels cours ils devraient suivre. Les gouvernements et les responsables de l'élaboration des politiques se demandent quels genres d'études ils devraient financer. Les analystes de la macro-économie examinent l'investissement dans le capital humain et essaient de comprendre le lien entre la matière grise d'un pays et son taux de croissance agrégé et l'inégalité des revenus.»--Page 1. |
| 504 | |aBibliographie. |
| 520 | 3 |aL'une des questions auxquelles les analystes et les critiques du système d'éducation postsecondaire au Canada sont confrontés est la suivante: Quels sont les rendements des études? Les élèves des écoles secondaires se demandent s'ils devraient s'inscrire à l'université, au collège ou dans une école de métiers et quels cours ils devraient suivre. Les gouvernements et les responsables de l'élaboration des politiques se demandent quels genres d'études ils devraient financer. Les analystes de la macro-économie examinent l'investissement dans le capital humain et essaient de comprendre le lien entre la matière grise d'un pays et son taux de croissance agrégé et l'inégalité des revenus.--Page 1 |
| 563 | |aCouverture souple |
| 590 | |a01-19|b2001-05-11 |
| 710 | 2 |aStatistique Canada. |bDirection des études analytiques. |
| 720 | 1 |aHeisz, Andrew |
| 776 | 0#|tPerspectives des bacheliers de la Colombie-Britannique sur le plan des revenus / |w(CaOODSP)9.590859 |
| 830 | #0|aDocuments de recherche,|x1200-5231|vN° 170|w(CaOODSP)9.512877 |